书目信息 |
| 题名: |
新概念英语
|
|
| 作者: | 孙玉荣 著 | |
| 分册: | 4 四 | |
| 出版信息: | 北京 外语教学与研究出版社 2001.07 |
|
| 页数: | 483页 | |
| 开本: | 20cm | |
| 丛书名: | ||
| 单 册: | ||
| 中图分类: | H31 | |
| 科图分类: | ||
| 主题词: | 英语 | |
| 电子资源: | ||
| ISBN: | 7-5600-2329-0 | |
| 000 | 00662nam0 2200229 45 | |
| 001 | 0429227625 | |
| 005 | 20220609095435.80 | |
| 010 | @a7-5600-2329-0@dCNY 18.90 | |
| 100 | @a20040430d2001 km y0chiy0120 ea | |
| 101 | 0 | @achi |
| 102 | @aCN@b110000 | |
| 200 | 1 | @a新概念英语@Axin gai nian ying yu@e练习祥解@i四@f孙玉荣 著@Fsun yu rong zhu@h4 |
| 210 | @a北京@c外语教学与研究出版社@d2001.07 | |
| 215 | @a483页@d20cm | |
| 510 | @aNCE Exercise Companion | |
| 517 | @a练习祥解@Alian xi xiang jie | |
| 517 | @a四@Asi | |
| 606 | 0 | @a英语 |
| 690 | @aH31@v3 | |
| 701 | 0 | @a孙玉荣@Asun yu rong@4著 |
| 801 | 0 | @aCN@b河南城建学院图书馆@c20041203 |
| 905 | @dH31@eX5361:4 | |
| 新概念英语:练习祥解.四/孙玉荣 著.4.-北京:外语教学与研究出版社,2001.07 |
| 483页;20cm |
| ←并列题名:NCE Exercise Companion |
| ISBN 7-5600-2329-0:CNY 18.90 |
| ● |
| 相关链接 |
|
|
|
正题名:新概念英语
索取号:H31/X5361:4
 
预约/预借
| 序号 | 登录号 | 条形码 | 馆藏地/架位号 | 状态 | 备注 |
| 1 | 1503450 | 215034503 | 语言库209/209语言库 88排3列2层/ [索取号:H31/X5361:4] | 在馆 | |
| 2 | 378190 | 203781906 | 语言库209/400B社科库 8排4列4层/ [索取号:H31/X5361:4] | 在馆 | |
| 3 | 378191 | 203781915 | 语言库209/209语言库 88排3列2层/ [索取号:H31/X5361:4] | 在馆 | |
| 4 | 378192 | 203781924 | 语言库209/ [索取号:H31/X5361:4] | 在馆 | |
| 5 | 378193 | 203781933 | 语言库209/400B社科库 9排2列5层/ [索取号:H31/X5361:4] | 在馆 | |
| 6 | 378194 | 203781942 | 社科二线400B/400B社科库 9排3列4层/ [索取号:H31/X5361:4] | 在馆 | |
| 7 | 430003 | 204300032 | 语言库209/209语言库 88排3列2层/ [索取号:H31/X5361:4] | 在馆 | |
| 8 | 430004 | 204300041 | 语言库209/209语言库 88排3列2层/ [索取号:H31/X5361:4] | 在馆 | |
| 9 | 430005 | 204300050 | 语言库209/209语言库 29排1列3层/ [索取号:H31/X5361:4] | 在馆 | |
| 10 | 430006 | 204300069 | 语言库209/400B社科库 8排4列5层/ [索取号:H31/X5361:4] | 在馆 | |
| 11 | 430007 | 204300078 | 语言库209/ [索取号:H31/X5361:4] | 在馆 | |
| 12 | 430008 | 204300087 | 语言库209/209语言库 88排3列2层/ [索取号:H31/X5361:4] | 在馆 | |
| 13 | 430009 | 204300096 | 语言库209/400B社科库 8排4列4层/ [索取号:H31/X5361:4] | 在馆 | |
| 14 | 430010 | 204300103 | 语言库209/400B社科库 9排2列3层/ [索取号:H31/X5361:4] | 在馆 | |
| 15 | 430011 | 204300112 | 语言库209/400B社科库 9排2列5层/ [索取号:H31/X5361:4] | 在馆 | |
| 16 | 430012 | 204300121 | 语言库209/209语言库 88排3列2层/ [索取号:H31/X5361:4] | 在馆 |